Statistics for Municipalities of Miyazaki Prefecture

Click here to take the quiz!

General Stats

  • This quiz has been taken 39 times
  • The average score is 15 of 26

Answers on the Map

Answers color-coded by a green-red scale on the quiz's map according to % correct below.
 

Answer Stats

Answer% Correct
Miyazaki 宮崎
100%
Miyakonojo 都城
94%
Nobeoka 延岡
88%
Hyuga 日向
81%
Nichinan 日南
81%
Ebino えびの
75%
Kobayashi 小林
69%
Takachiho 高千穂
69%
Kushima 串間
63%
Saito 西都
50%
Takanabe 高鍋
50%
Aya 綾
44%
Gokase 五ヶ瀬
44%
Hinokage 日之影
44%
Kadogawa 門川
44%
Kawaminami 川南
44%
Kijo 木城
44%
Kunitomi 国富
44%
Mimata 三股
44%
Misato 美郷
44%
Morotsuka 諸塚
44%
Nishimera 西米良
44%
Shiiba 椎葉
44%
Shintomi 新富
44%
Takaharu 高原
44%
Tsuno 都農
44%

Score Distribution

Percentile by Number Answered

Percent of People with Each Score

Your Score History

You have not taken this quiz